HIV/AIDS basic handbook (Record no. 76321)

MARC details
000 -LEADER
fixed length control field 01777nam a2200253 a 4500
008 - FIXED-LENGTH DATA ELEMENTS--GENERAL INFORMATION
fixed length control field 060427s2003 ||||||||||||||||| || u
050 ## - LIBRARY OF CONGRESS CALL NUMBER
Classification number CBU(02)2003/2
110 ## - MAIN ENTRY--CORPORATE NAME
Corporate name or jurisdiction name as entry element Comprehensive HIV/AIDS Management Programme (CHAMP)
245 10 - TITLE STATEMENT
Title HIV/AIDS basic handbook
Statement of responsibility, etc. By The Copperbelt University ; Comprehensive HIV/AIDS Management Programme (CHAMP)
260 ## - PUBLICATION, DISTRIBUTION, ETC.
Place of publication, distribution, etc. Lusaka
Name of publisher, distributor, etc. CHAMP
Date of publication, distribution, etc. 2003
350 ## -
-- 0.00
500 ## - GENERAL NOTE
General note Comprehensive HIV/AIDS Management Programme (CHAMP) and reproduced by the Copperbelt University Public Health Office
650 ## - SUBJECT ADDED ENTRY--TOPICAL TERM
Topical term or geographic name entry element AIDS (DISEASE) -- ZAMBIA
650 ## - SUBJECT ADDED ENTRY--TOPICAL TERM
Topical term or geographic name entry element MEDICINE
650 ## - SUBJECT ADDED ENTRY--TOPICAL TERM
Topical term or geographic name entry element HIV INFECTIONS--PREVENTION AND CONTROL
710 ## - ADDED ENTRY--CORPORATE NAME
Corporate name or jurisdiction name as entry element Copperbelt University
995 ## -
-- SPECIAL COLLECTIONS
-- 4021
-- CBU-MAIN LIBRARY (Kitwe)
-- 0.00
-- CBU-PHO(02)2003/2F
-- 6
-- AVAILABLE
-- May 31, 2019
-- B4021
-- International Publications
995 ## -
-- SPECIAL COLLECTIONS
-- 4993
-- CBU-MAIN LIBRARY (Kitwe)
-- 0.00
-- CBU(02)2003/2C
-- 2
-- AVAILABLE
-- Aug 31, 2022
-- B4993
-- University Collection
995 ## -
-- SPECIAL COLLECTIONS
-- 4017
-- CBU-MAIN LIBRARY (Kitwe)
-- 0.00
-- CBU(02)2003/2B
-- 3
-- AVAILABLE
-- May 31, 2019
-- B4017
-- International Publications
995 ## -
-- SPECIAL COLLECTIONS
-- 4022
-- CBU-MAIN LIBRARY (Kitwe)
-- 0.00
-- CBU-PHO(02)2003/2G
-- 7
-- AVAILABLE
-- May 31, 2019
-- B4022
-- International Publications
995 ## -
-- SPECIAL COLLECTIONS
-- 4020
-- CBU-MAIN LIBRARY (Kitwe)
-- 0.00
-- CBU-PHO(02)2003/2E
-- 5
-- AVAILABLE
-- May 31, 2019
-- B4020
-- International Publications
995 ## -
-- SPECIAL COLLECTIONS
-- 4019
-- CBU-MAIN LIBRARY (Kitwe)
-- 0.00
-- CBU-PHO(02)2003/2D
-- 4
-- AVAILABLE
-- May 31, 2019
-- B4019
-- International Publications
995 ## -
-- SPECIAL COLLECTIONS
-- 0.00
-- 03000172
-- CBU-MAIN LIBRARY (Kitwe)
-- 1
-- 0.00
-- CBU(02)2003/2A
-- 1
-- AVAILABLE
-- Apr 27, 2006
-- 03000172
-- International Publications
999 ## -
-- 76321
-- 76321
Holdings
Withdrawn status Lost status Source of classification or shelving scheme Damaged status Not for loan Permanent Location Current Location Shelving location Date acquired Total Checkouts Full call number Barcode Date last seen Price effective from Koha item type Copy number
          CBU-MAIN LIBRARY, KITWE. CBU-MAIN LIBRARY, KITWE.   04/25/2023   CBU-PHO(02)2003/2F B4021 04/25/2023 04/25/2023 SPECIAL COLLECTION  
          CBU-MAIN LIBRARY, KITWE. CBU-MAIN LIBRARY, KITWE.   04/25/2023   CBU-PHO(02)2003/2G B4022 04/25/2023 04/25/2023 SPECIAL COLLECTION 4
          CBU-MAIN LIBRARY, KITWE. CBU-MAIN LIBRARY, KITWE.   04/25/2023   CBU-PHO(02)2003/2E B4020 04/25/2023 04/25/2023 SPECIAL COLLECTION 5
          CBU-MAIN LIBRARY, KITWE. CBU-MAIN LIBRARY, KITWE.   04/25/2023   CBU-PHO(02)2003/2D B4019 04/25/2023 04/25/2023 SPECIAL COLLECTION 6